LEADER 02374oas 2200829 a 450 001 9910229193603321 005 20260217133415.0 011 $a2399-2948 035 $a(DE-599)ZDB2015433-1 035 $a(OCoLC)44001745 035 $a(CONSER) 2011250854 035 $a(CKB)963017815252 035 $a(EXLCZ)99963017815252 100 $a20000508a19999999 uy 101 0 $aeng 135 $aurmnu|||||||| 181 $ctxt$2rdacontent 182 $cc$2rdamedia 183 $acr$2rdacarrier 200 10$aEuropean journal of social security 210 $a[Dordrecht] $cKluwer Academic Publishers 210 3 $aSchoten (Antwerp), Belgium $cIntersentia 210 1$a[Thousand Oaks, CA] :$cSage 300 $aRefereed/Peer-reviewed 311 08$aPrint version: European journal of social security 1388-2627 517 3 $aEJSS 517 3 $aEur. j. soc. sec 606 $aSocial security$zEurope$vPeriodicals 606 $aSocial security$xLaw and legislation$zEurope$vPeriodicals 606 $aSe?curite? sociale$zEurope$vPe?riodiques 606 $aSe?curite? sociale$xDroit$zEurope$vPe?riodiques 606 $aSocial security$2fast$3(OCoLC)fst01123077 606 $aSocial security$xLaw and legislation$2fast$3(OCoLC)fst01123121 606 $aSociale zekerheid$2gtt 607 $aEurope$2fast$1https://id.oclc.org/worldcat/entity/E39PBJxCxPbbk4CPJDQJb4r6rq 608 $aPeriodicals.$2fast 608 $aPeriodicals.$2lcgft 615 0$aSocial security 615 0$aSocial security$xLaw and legislation 615 6$aSe?curite? sociale 615 6$aSe?curite? sociale$xDroit 615 7$aSocial security. 615 7$aSocial security$xLaw and legislation. 615 17$aSociale zekerheid. 676 $a362.94 801 0$bF#A 801 1$bF#A 801 2$bOCLCQ 801 2$bOCL 801 2$bOH1 801 2$bMUQ 801 2$bOCLCQ 801 2$bEYM 801 2$bBUF 801 2$bCUD 801 2$bCLU 801 2$bOCLCQ 801 2$bOCLCF 801 2$bOCLCQ 801 2$bUKMGB 801 2$bVT2 801 2$bUUM 801 2$bDLC 801 2$bOCLCO 801 2$bOCLCQ 801 2$bU3W 801 2$bOCLCL 801 2$bOCLCQ 906 $aJOURNAL 912 $a9910229193603321 996 $aEuropean journal of social security$92021097 997 $aUNINA